Berzeviczy Gizella Odesszában
Elmentve itt :
| Szerző: | |
|---|---|
| Dokumentumtípus: | Cikk |
| Megjelent: |
1970-03-19
|
| Sorozat: | Délmagyarország
60 No. 66 |
| Kulcsszavak: | Berzeviczy Gizella, Oktatásügy története Szovjetunió 1920-as évek, Odessza |
| Online Access: | http://dmarchiv.bibl.u-szeged.hu/70965 |
| LEADER | 00517nab a2200157 i 4500 | ||
|---|---|---|---|
| 001 | delm70965 | ||
| 005 | 20180928082359.0 | ||
| 008 | 180928s1970 hu o 0|| hun d | ||
| 040 | |a SZTE Délmagyarország Archívum |b hun | ||
| 041 | |a hun | ||
| 100 | 1 | |a Péter László | |
| 245 | 1 | 0 | |a Berzeviczy Gizella Odesszában |h [elektronikus dokumentum] / |c Péter László |
| 260 | |c 1970-03-19 | ||
| 300 | |a 5 | ||
| 490 | 0 | |a Délmagyarország |v 60 No. 66 | |
| 695 | |a Berzeviczy Gizella, Oktatásügy története Szovjetunió 1920-as évek, Odessza | ||